[Event "Nugegoda Grand Prix 8th"]
[Site "Nugegoda"]
[Date "2021.02.04"]
[Round "8"]
[White "Liyanage, Ranindu Dilshan"]
[Black "Dissanayake, DM Madushan Sameer"]
[Result "1-0"]
[WhiteElo "2178"]
[BlackElo "1266"]
[PlyCount "71"]
[EventDate "2021.01.28"]
[EventType "tourn"]
[EventRounds "11"]
[EventCountry "SRI"]
[SourceTitle "CBM 200 Extra"]
[Source "ChessBase"]
[SourceDate "2021.03.31"]
[SourceVersion "1"]
[SourceVersionDate "2021.03.31"]
[SourceQuality "1"]

1. e4 e5 2. Nf3 Nc6 3. Bc4 Nf6 4. d3 Bc5 5. c3 d6 6. h3 Be6 7. Nbd2 0-0 8. Bb3 h6 9. Nf1 d5 10. Qe2 dxe4 11. dxe4 Qe7 12. Ng3 Rad8 13. 0-0 Bxb3 14. axb3 Qe6 15. b4 Bb6 16. Nf5 Ne7 17. N3h4 Ng6 18. Qf3 Nxh4 19. Nxh4 Rd7 20. Nf5 Rfd8 21. Bxh6 Rd3 22. Nxg7 Qc6 23. b5 Qxe4 24. Qxe4 Nxe4 25. Nf5 Nxf2 26. Kh2 Kh7 27. Rae1 Kg6 28. Be3 Bxe3 29. Nxe3 Rd2 30. Nc4 Nd3 31. Re3 Rc2 32. Rxd3 Rxd3 33. Nxe5+ Kg5 34. Nxd3 Rd2 35. Ne5 Rxb2 36. Nxf7+ 1-0

[Event "Nugegoda Grand Prix 8th"]
[Site "Nugegoda"]
[Date "2021.01.28"]
[Round "2"]
[White "Dissanayake, DM Madushan Sameer"]
[Black "Dahanayake, Isara Banidu"]
[Result "0-1"]
[WhiteElo "1266"]
[BlackElo "1679"]
[PlyCount "82"]
[EventDate "2021.01.28"]
[EventType "tourn"]
[EventRounds "11"]
[EventCountry "SRI"]
[SourceTitle "CBM 200 Extra"]
[Source "ChessBase"]
[SourceDate "2021.03.31"]
[SourceVersion "1"]
[SourceVersionDate "2021.03.31"]
[SourceQuality "1"]

1. f4 Nf6 2. Nf3 g6 3. Nc3 d5 4. e3 Bg7 5. d4 Bg4 6. Be2 Bxf3 7. Bxf3 0-0 8. 0-0 e6 9. e4 dxe4 10. Nxe4 Nxe4 11. Bxe4 Bxd4+ 12. Kh1 c6 13. c3 Bb6 14. Qc2 Nd7 15. b4 Nf6 16. Bd3 Ng4 17. Be4 Nxh2 18. Rd1 Qh4 19. g3 Qh5 20. Kg2 Ng4 21. Rh1 Qb5 22. Rh4 f5 23. Rxg4 fxg4 24. Bxg6 Qd5+ 25. Be4 Qh5 26. Kf1 Qh3+ 27. Bg2 Qh2 28. Qe4 Qg1+ 29. Ke2 Qf2+ 30. Kd3 Qxg3+ 31. Kc4 Rae8 32. Bd2 Rf5 33. a4 Qf2 34. Rd1 a5 35. Kb3 axb4 36. a5 bxc3 37. Bxc3 Rb5+ 38. Bb4 Bxa5 39. Rf1 Qxf1 40. Bxf1 Rxb4+ 41. Qxb4 Bxb4 0-1